Vật lí lớp 11

সংরক্ষণ করুন:
গ্রন্থ-পঞ্জীর বিবরন
প্রধান লেখক: Vũ Thanh Khiết ... [et al.]
বিন্যাস: গ্রন্থ
ভাষা:Undetermined
প্রকাশিত: Hà Nội Giáo dục 1997
বিষয়গুলি:
ট্যাগগুলো: ট্যাগ যুক্ত করুন
কোনো ট্যাগ নেই, প্রথমজন হিসাবে ট্যাগ করুন!
Thư viện lưu trữ: Trung tâm Học liệu Trường Đại học Cần Thơ
LEADER 00510nam a2200169Ia 4500
001 CTU_22276
008 210402s9999 xx 000 0 und d
082 |a 530.07 
082 |b V124/L11 
100 |a Vũ Thanh Khiết ... [et al.] 
245 0 |a Vật lí lớp 11 
245 0 |c Vũ Thanh Khiết ... [et al.] 
260 |a Hà Nội 
260 |b Giáo dục 
260 |c 1997 
650 |a physics - study and teaching ( secondary ) 
980 |a Trung tâm Học liệu Trường Đại học Cần Thơ